| 000 | 00669nam a2200193 a 4500 | ||
|---|---|---|---|
| 001 | 000028596 | ||
| 005 | 20200930055030.0 | ||
| 008 | 110411s2010 dr ac 000 0 spa d | ||
| 020 | _z97899997097 | ||
| 040 |
_aDO-SdBNP _bspa _cBNPHU |
||
| 082 |
_axxx _bS232m |
||
| 100 | 1 |
_aSantana, Samuel _955549 |
|
| 245 | 1 | 0 |
_aMarcados por la unción : _bla crónica de un gran avivamiento desde David García hasta Luis Urbáez / _cSamuel Santana. |
| 260 |
_aSanto Domingo : _bArtes Antillanas, _c2010. |
||
| 300 |
_a111 p. : _bil., retrs. ; _c21 cm. |
||
| 504 | _aBibliografia : p. [89-91] | ||
| 590 | _aLa biblioteca posee un ejemplar autografiado por el autor | ||
| 049 | _aBNPD | ||
| 999 |
_c28088 _d28088 |
||